Land anhand Sportler - #1 - Statistiken

Allgemein
  • Dieses Quiz wurde 279 mal gespielt
  • Das Durchschnittsergebnis liegt bei 12 aus 20
Antwortstatistiken
Hint Antwort % Korrekt
Cristiano Ronaldo Portugal
100%
Usain Bolt Jamaika
96%
Fernando Alonso Spanien
96%
Ma Long China
88%
Vitali Klitschko Ukraine
83%
Travis Kelce USA
81%
Francesco Friedrich Deutschland
67%
Kamil Stoch Polen
66%
Wayne Gretzky Kanada
60%
Marco Odermatt Schweiz
60%
Jannik Sinner Italien
58%
Armand Duplantis Schweden
54%
Eliud Kipchoge Kenia
51%
Tadej Pogacar Slowenien
50%
Viktor Axelsen Dänemark
47%
Ian Thorpe Australien
32%
Neeraj Chopra Indien
25%
Faf de Klerk Südafrika
21%
Mete Gazoz Türkei
17%
Mutaz Essa Barshim Katar
13%
Keine übereinstimmenden Quizze gefunden
Verteilung der Resultate
Anzahl Personen mit jedem Resultat
Perzentil nach korrekt beantworteten Fragen
Ihre Resultats-Entwicklung
Sie haben dieses Quiz noch nicht gespielt